Estatísticas para Copa do Mundo da FIFA de 1974

Clique aqui para jogar o quiz

Estatísticas Gerais

  • Esse quiz foi jogado 58 vezes
  • A pontuação média é 12 de 16

Estatísticas das Respostas

GrupoTime% Correto
Grupo 4Argentina
100%
Grupo 2Brasil
100%
Grupo 3Uruguai
97%
Grupo 4Itália
85%
Grupo 2Iugoslávia
85%
Grupo 3Países Baixos
82%
Grupo 1Alemanha Oriental
76%
Grupo 1Chile
76%
Grupo 1Alemanha Ocidental
71%
Grupo 4Polônia
71%
Grupo 3Suécia
62%
Grupo 2Escócia
59%
Grupo 3Bulgária
53%
Grupo 2Zaire
53%
Grupo 1Austrália
50%
Grupo 4Haiti
29%

Distribuição das Pontuações

Percentil de Números Respondidos

Porcentagem de Pessoas com Cada Pontuação

Sua Pontuação Histórica

Você não jogou esse quiz